The joys of death : (Record no. 63977)

MARC details
000 -LEADER
fixed length control field 00522nam a22001697a 4500
005 - DATE AND TIME OF LATEST TRANSACTION
control field 20200125150325.0
010 ## - LCCN (DPL NO)
LC control number B-158514,B-158510
020 ## - INTERNATIONAL STANDARD BOOK NUMBER
International Standard Book Number 8121511631
Terms of availability 250.00
035 ## - SYSTEM CONTROL NUMBER
System control number B-158509, B-158514
035 ## - SYSTEM CONTROL NUMBER
System control number B-158510
037 ## - SOURCE OF ACQUISITION
Stock number DPL
Source of stock number/acquisition ENG
100 ## - MAIN ENTRY--PERSONAL NAME
Personal name Singh, Lake
245 ## - TITLE STATEMENT
Title The joys of death :
Remainder of title How to conquer the fear of death /
Statement of responsibility, etc by Lake Singh
260 ## - PUBLICATION, DISTRIBUTION, ETC. (IMPRINT)
Place of publication, distribution, etc New Delhi
Name of publisher, distributor, etc Munshiram Manoharlal Publishers Pvt. Ltd.
Date of publication, distribution, etc 2005
300 ## - PHYSICAL DESCRIPTION
Extent xv, 246p.
Dimensions 20 cms.
942 ## - ADDED ENTRY ELEMENTS (KOHA)
Source of classification or shelving scheme Dewey Decimal Classification
Item type English Books
Classification part 155.937
Call number suffix LAK
Holdings
Withdrawn status Lost status Not for loan Collection code Home library Current library Date acquired Cost, normal purchase price Full call number Barcode Cost, replacement price Koha item type Source of acquisition Copy number
      Non-fiction R.K.Puram-8 R.K.Puram-8 25/01/2020 250.00 155.937 LAK B-158510 250.00 English Books BPPD/PURCHASE 1
      Non-fiction Sarojini Nagar Sarojini Nagar 12/03/2012 250.00 155.937 LAK B-158509 250.00 English Books    
      Non-fiction Yojana Vihar Yojana Vihar 06/11/2018 250.00 155.937 LAK B-158514 250.00 English Books BPPD/PUB  

© Delhi Public Library
Hit Counter
free hit counter